000 00969nam a2200253 a 4500
001 BRCA_2022
005 20190320203635.0
008 170608m20082009mx-a######---#000-0#spa-#
020 _a9786077612001 (Obra completa)
041 _aspa
044 _amx
050 4 _aND1432
_b.P56 2008
245 1 0 _aPintura de los reinos
_bidentidades compartidas : territorios del mundo hispánico, siglos XVI-XVIII
_ccoordinadora Juana Gutiérrez Haces ; introducción Jonathan Brown.
260 _aMéxico
_bFomento Cultural Banamex
_c2008-2009
300 _a4 v.
_bil. a color
_c32 cm.
_e2 separatas
504 _aIncluye referencias bibliográficas e índice
650 1 4 _aArte y simbolismo cristiano
_ySiglo XVI-XVIII
_zLatinoamérica
_96176
650 1 4 _aPintura colonial
_zLatinoamérica
_96177
651 4 _aLatinoamérica
_xPintura
_96178
651 4 _aEspaña
_xPintura
_96179
700 1 _aGutiérrez Haces, Juana
_92256
700 1 _aBrown, Jonathan
_92543
942 _2lcc
_cB
999 _c1788
_d1788